000 00667nam a2200253Ia 4500
005 20260121153815.0
008 008 260114s9999 xx 000 0 eng d
020 _a9781003019510
037 _aEBOOK
040 _aCRL
040 _beng
040 _cCRL
041 _2eng
041 _aeng
084 _qCRL
100 _aShivasharana Chandrabanda Thimmappa; Jeyabalan Sangeetha; Devarajan Thangadurai; Saniyasi Elumalai
_9999354
245 0 _aPhycobiotechnology
260 _bTaylor and Francis
260 _c2021
856 _uhttp://www.taylorfrancis.com/books/9781003019510
942 _cEBOOK
999 _c1566175
_d1566175